[Event "Olympiad Women-45"]
[Site "Budapest"]
[Date "2024.09.22"]
[Round "11.2"]
[White "Thomas, Nelissa"]
[Black "Majid, Zara"]
[Result "0-1"]
[WhiteElo "1631"]
[BlackElo "1411"]
[PlyCount "88"]
[EventDate "2024.09.11"]
[EventType "team-swiss"]
[EventRounds "11"]
[EventCountry "HUN"]
[SourceTitle "EXT 2025"]
[Source "ChessBase"]
[SourceDate "2024.10.14"]
[SourceVersion "1"]
[SourceVersionDate "2024.10.14"]
[SourceQuality "1"]
[WhiteTeam "Bahamas (W)"]
[BlackTeam "Cayman Islands (W)"]
[WhiteTeamCountry "BAH"]
[BlackTeamCountry "CAY"]

1. e4 d6 2. d4 Nf6 3. f3 g6 4. Be3 Bg7 5. Qd2 Nbd7 6. Nc3 c6 7. Bh6 Bxh6 8. Qxh6 Qa5 9. 0-0-0 Qh5 10. Qe3 0-0 11. h4 Qa5 12. g4 h5 13. Be2 Kg7 14. Kb1 Rh8 15. f4 Nxg4 16. Bxg4 hxg4 17. f5 gxf5 18. Qg5+ Kf8 19. Rf1 Nf6 20. exf5 Rh5 21. Qe3 Rxf5 22. Nge2 Rxf1+ 23. Rxf1 Qh5 24. Ng3 Qh7 25. Re1 Be6 26. Rf1 Ke8 27. Qg5 Kd7 28. h5 Rg8 29. Qa5 a6 30. Na4 Nd5 31. Rc1 f5 32. Ka1 f4 33. c4 Ne3 34. Nb6+ Ke8 35. Qe1 Nc2+ 36. Rxc2 Qxc2 37. Ne4 Kf7 38. d5 cxd5 39. Nxd5 Bxd5 40. cxd5 Rc8 41. Nc3 Qf5 42. Ne4 Qxd5 43. Qh1 f3 44. Ng3 Qd2 0-1

[Event "Olympiad Women-45"]
[Site "Budapest"]
[Date "2024.09.20"]
[Round "9.3"]
[White "Majid, Zara"]
[Black "Ntsielo, Bonolo"]
[Result "0-1"]
[WhiteElo "1411"]
[BlackElo "1757"]
[PlyCount "86"]
[EventDate "2024.09.11"]
[EventType "team-swiss"]
[EventRounds "11"]
[EventCountry "HUN"]
[SourceTitle "EXT 2025"]
[Source "ChessBase"]
[SourceDate "2024.10.14"]
[SourceVersion "1"]
[SourceVersionDate "2024.10.14"]
[SourceQuality "1"]
[WhiteTeam "Cayman Islands (W)"]
[BlackTeam "Lesotho (W)"]
[WhiteTeamCountry "CAY"]
[BlackTeamCountry "LES"]

1. d4 Nf6 2. Bf4 g6 3. Nc3 d6 4. e4 Nbd7 5. Qd2 h5 6. e5 Ng8 7. 0-0-0 Nb6 8. Nf3 Bg7 9. g3 Bg4 10. Bg2 Qd7 11. h3 Bxf3 12. Bxf3 0-0-0 13. g4 dxe5 14. dxe5 Qxd2+ 15. Rxd2 Rxd2 16. Bxd2 Bxe5 17. Re1 f6 18. g5 Nc4 19. gxf6 exf6 20. Be4 Nxd2 21. Kxd2 Ne7 22. Bd3 g5 23. b3 c6 24. Ne4 Nd5 25. c4 Nf4 26. Nxg5 Rd8 27. Nf7 Rxd3+ 28. Kc2 Rxh3 29. Nxe5 fxe5 30. Rxe5 Rh2 31. Re8+ Kd7 32. Ra8 Rxf2+ 33. Kb1 a6 34. Rb8 Kc7 35. Rh8 Kb6 36. a4 Rh2 37. Rh7 Nd3 38. Ka1 Nc5 39. b4 Nxa4 40. c5+ Ka7 41. Re7 Nc3 42. Rxb7+ Kxb7 43. b5 Ra2# 0-1

[Event "Olympiad Women-45"]
[Site "Budapest"]
[Date "2024.09.19"]
[Round "8.3"]
[White "Hussin, Fazreena"]
[Black "Majid, Zara"]
[Result "0-1"]
[WhiteElo "1700"]
[BlackElo "1411"]
[PlyCount "81"]
[EventDate "2024.09.11"]
[EventType "team-swiss"]
[EventRounds "11"]
[EventCountry "HUN"]
[SourceTitle "EXT 2025"]
[Source "ChessBase"]
[SourceDate "2024.10.14"]
[SourceVersion "1"]
[SourceVersionDate "2024.10.14"]
[SourceQuality "1"]
[WhiteTeam "Brunei Darussalam (W)"]
[BlackTeam "Cayman Islands (W)"]
[WhiteTeamCountry "BRN"]
[BlackTeamCountry "CAY"]

1. e4 d6 2. d4 Nf6 3. Nc3 g6 4. f3 Bg7 5. Be3 Nbd7 6. Qd2 0-0 7. 0-0-0 e5 8. Nge2 Nb6 9. Kb1 Nc4 10. Qc1 Nxe3 11. Qxe3 Nd7 12. g4 Nb6 13. h4 Qe7 14. d5 f5 15. gxf5 gxf5 16. h5 h6 17. Qg1 Qg5 18. Qh2 Kh7 19. Bh3 fxe4 20. Nxe4 Qxh5 21. Bxc8 Qxh2 22. Rxh2 Raxc8 23. Rf1 Nxd5 24. Rh3 Nf4 25. Nxf4 Rxf4 26. c4 b6 27. b3 Kg8 28. Kc2 Kf7 29. Kd3 Ke6 30. Ke3 Rh8 31. Rfh1 Rhf8 32. Rf1 c6 33. Ke2 d5 34. cxd5+ cxd5 35. Nd2 Rc8 36. Rg1 Kf6 37. Rhg3 Bf8 38. Rg6+ Kf7 39. Rg8 Rc2 40. a4 Rd4 41. Rf1 0-1